| 000 | 00601nam a2200169 i 4500 | ||
|---|---|---|---|
| 001 | 114822 | ||
| 003 | ES-MaACL | ||
| 005 | 20251011063124.0 | ||
| 007 | t| | ||
| 008 | 070330s1914 cu ||||1| spa d | ||
| 100 | 1 |
_aRodríguez García, José Antonio, _d1864-1934 _998540 |
|
| 245 | 1 | 0 |
_aEstudios _b: [Dos delitos y dos penas ; La probidad con relación al libro] / _cJosé A. Rodríguez García. |
| 260 |
_aLa Habana : _b[s.n.], _c1914 ( _fImp. "Cuba Intelectual") |
||
| 300 |
_a97 p. ; _c21 cm. |
||
| 852 |
_aES-MaACL _jT-1392-F-6 _z.- Enc. en un vol. facticio |
||
| 999 |
_c114822 _d114822 |
||